Internal-combustion engines (Record no. 20584)

000 -LEADER
fixed length control field 00522nam a22001931 4500
001 - CONTROL NUMBER
control field 20584
003 - CONTROL NUMBER IDENTIFIER
control field BD-DhUET
008 - FIXED-LENGTH DATA ELEMENTS--GENERAL INFORMATION
fixed length control field 750306s1945 nyua b 000 0 eng
040 ## - CATALOGING SOURCE
Original cataloging agency DLC
Transcribing agency DLC
Modifying agency BD-DhUET
082 ## - DEWEY DECIMAL CLASSIFICATION NUMBER
Classification number 621.43
Item number MAL/1945
100 ## - MAIN ENTRY--PERSONAL NAME
Personal name Maleev, V. L.
245 10 - TITLE STATEMENT
Title Internal-combustion engines
Remainder of title theory and design
250 ## - EDITION STATEMENT
Edition statement 2nd ed.
260 ## - PUBLICATION, DISTRIBUTION, ETC. (IMPRINT)
Place of publication, distribution, etc. London
Name of publisher, distributor, etc. McGraw-Hill
Date of publication, distribution, etc. 1945
300 ## - PHYSICAL DESCRIPTION
Extent xii, 636 p.
Other physical details ill.
Dimensions 22 cm.
504 ## - BIBLIOGRAPHY, ETC. NOTE
Bibliography, etc Includes bibliographies
650 #0 - SUBJECT ADDED ENTRY--TOPICAL TERM
Topical term or geographic name as entry element Internal combustion engines
942 ## - ADDED ENTRY ELEMENTS (KOHA)
Koha item type General Book
Holdings
Date acquired Piece designation (barcode) Sublocation or collection (holding branch) Location (home branch) Koha normalized classification for sorting Koha date last seen Not for loan Damaged status Koha item type Lost status Source of classification or shelving scheme Price effective from Shelving location Withdrawn status Copy number Koha full call number
2015-04-1220397Central Library, BUETCentral Library, BUET621_430000000000000_MAL_19452015-04-12  General Book  2015-04-12Circulation section 1621.43/MAL/1945
2015-04-136558Central Library, BUETCentral Library, BUET621_430000000000000_MAL_19452015-04-13  General Book  2015-04-13Circulation section 2621.43/MAL/1945
2015-04-131951aCentral Library, BUETCentral Library, BUET621_430000000000000_MAL_19452015-04-13  General Book  2015-04-13Circulation section 3621.43/MAL/1945
2015-04-1811309Central Library, BUETCentral Library, BUET621_430000000000000_MAL_19452015-04-18  General Book  2015-04-18Circulation section 4621.43/MAL/1945
2015-06-1643348Central Library, BUETCentral Library, BUET621_430000000000000_MAL_19452015-06-16  Reading Item  2015-06-16Reading section 5621.43/MAL/1945
2015-06-3016327Central Library, BUETCentral Library, BUET621_430000000000000_MAL_19452015-06-30  Reading Item  2015-06-30Reading section 6621.43/MAL/1945
2015-07-0243347Central Library, BUETCentral Library, BUET621_430000000000000_MAL_19452015-07-02  Reading Item  2015-07-02Reading section 7621.43/MAL/1945